Metodología de diseño, cálculo y construcción de turbina Pelton de 0-1-1000 KW por máquina CNC

Presenta una metodología del diseño y cálculo hidráulico de la turbina Pelton, en donde se da la selección adecuada de la turbina Pelton, la eficiencia total, número específico de revoluciones, velocidad nominal de la turbina las características constructivas del rodete, alabe e inyector....

Full description

Bibliographic Details
Main Authors: García López. Francisco José, Hernández Rodríguez, Fredman
Other Authors: Tutor: García, Mario de Jesús
Format: Tesis Section = Libro
Language:Undetermined
Spanish
Published: Managua UNI 2013
Subjects:
LEADER 01185nam a2200277Ia 4500
008 240830s9999 xx 000 0 und d
040 |a BIBLIOTECA-RUPAP Mon 621.406 G216 
041 |a spa 
082 |a Mon 621.406 G216 
100 1 |a García López. Francisco José 
100 1 |b  Hernández Rodríguez, Fredman 
245 1 0 |a Metodología de diseño, cálculo y construcción de turbina Pelton de 0-1-1000 KW por máquina CNC 
260 |a Managua  |b UNI  |c 2013 
300 |a 166 p. :il. 
500 |a Contiene: anexos e Incluye: CD. 
502 |a Tesis (Ingeniero Mecánico)- UNI, 2013. 
520 3 |a Presenta una metodología del diseño y cálculo hidráulico de la turbina Pelton, en donde se da la selección adecuada de la turbina Pelton, la eficiencia total, número específico de revoluciones, velocidad nominal de la turbina las características constructivas del rodete, alabe e inyector. 
650 7 |a TURBINA PELTON 
650 7 |b TURBOMAQUINA 
650 7 |c ENERGIA HIDROELECTRICA 
650 7 |d MAQUINAS HERRAMIENTAS 
650 7 |e CALCULO HIDRAULICO 
700 1 |a Tutor:  |b García, Mario de Jesús 
942 |c BK  |2 ddc 
991 |a TESIS 
999 |c 15770